<?xml version="1.0" encoding="UTF-8"?>
<marc:record xmlns:marc="http://www.loc.gov/MARC21/slim">
   <marc:leader>00000nam a2200000 a 4500</marc:leader>
   <marc:datafield ind1="1" ind2=" " tag="100">
      <marc:subfield code="a">Claus-Peter Niem</marc:subfield>
      <marc:subfield code="4">aut</marc:subfield>
      <marc:subfield code="e">Verfasser/-in</marc:subfield>
   </marc:datafield>
   <marc:datafield ind1=" " ind2=" " tag="653">
      <marc:subfield code="a">Fußball</marc:subfield>
   </marc:datafield>
   <marc:datafield ind1="0" ind2="0" tag="245">
      <marc:subfield code="a">Alaba, Arnautovic: Tagebuch des Zauberers - Das offizielle ÖFB-    Buch</marc:subfield>
   </marc:datafield>
   <marc:datafield ind1="0" ind2="0" tag="245">
      <marc:subfield code="b">David Alaba, Marko Arnautovic, Andreas Herzog</marc:subfield>
   </marc:datafield>
   <marc:datafield ind1=" " ind2="1" tag="264">
      <marc:subfield code="b">Wien</marc:subfield>
      <marc:subfield code="c">2026</marc:subfield>
   </marc:datafield>
   <marc:datafield ind1="1" ind2=" " tag="520">
      <marc:subfield code="a">Was macht einen Fußballstar aus? Das fragt sich Marko, als er sich in den Sommerferien langweilt. Schnell fasst er einen Plan: Gemeinsam mit seinem Freund David gru¨ndet er eine Mannschaft. Sie bereiten sich auf ein großes Derby am Ende der Ferien vor. Dabei lernen sie, wie viel mehr als nur Talent notwendig ist, um erfolgreich zu sein.

Das offizielle Buch des ÖFB mit den Stars David Alaba und Marko Arnautovic.

Gebundene Ausgabe: 192 Seiten</marc:subfield>
   </marc:datafield>
   <marc:datafield ind1=" " ind2=" " tag="020">
      <marc:subfield code="a">9783990019085</marc:subfield>
      <marc:subfield code="9">9783990019085</marc:subfield>
   </marc:datafield>
</marc:record>
